Constitución política de la República: edición oficial, aprobada por Decreto Exento N°3628, de 19 de agosto de 2011, del Ministerio de Justicia

Guardat en:
Dades bibliogràfiques
Format: Llibre
Idioma:espanyol
Publicat: Santiago Jurídica de Chile 2012
Edició:15a. ed
Matèries:
Etiquetes: Afegir etiqueta
Sense etiquetes, Sigues el primer a etiquetar aquest registre!

MARC

LEADER 00000cam a2200000 a 4500
001 UCF0535
003 CL-VaPUC
008 120531e20120000CL |||||||||||||||||spa|d
020 |a 9789561021976 
082 0 4 |a 342.83  |b CON  |2 21 
245 1 0 |a Constitución política de la República: edición oficial, aprobada por Decreto Exento N°3628, de 19 de agosto de 2011, del Ministerio de Justicia 
250 |a 15a. ed 
300 |a 917 p 
942 |c BK 
945 |d 20120531 00:00:00  |a cmena 
260 |a Santiago  |b Jurídica de Chile  |c 2012 
600 0 |a Congreso Nacional de Chile  |9 256491 
600 0 7 |a TRIBUNAL CONSTITUCIONAL  |2 CL-VaPUC  |9 257869 
600 0 7 |a CONTRALORIA GENERAL DE LA REPUBLICA  |2 CL-VaPUC  |9 255756 
650 0 |a Derecho constitucional   |9 222588 
650 0 |a Nacionalidad  |9 357571 
650 0 |a Ciudadanía  |9 258339 
650 0 |a Poderes del estado  |9 377457 
583 |a last modification  |c 20130925 08:01:13  |k Rodrigo Vera 
999 |c 347792  |d 347790 
952 |0 0  |1 0  |4 0  |6 342_830000000000000_CON_2012  |7 0  |8 R  |9 449412  |a BIBDER  |b BIBDER  |d 2019-11-22  |i 4872169  |o 342.83 CON 2012  |p 4872169  |r 2023-01-25  |w 2019-11-22  |y BK_R  |k DER 
952 |0 0  |1 0  |4 0  |6 342_830000000000000_CON_2012  |7 0  |8 R  |9 449413  |a BIBDER  |b BIBDER  |d 2019-11-22  |i 4872177  |o 342.83 CON 2012  |p 4872177  |r 2023-01-25  |w 2019-11-22  |y BK_R  |k DER 
952 |0 0  |1 0  |4 0  |6 342_830000000000000_CON_2012  |7 0  |8 R  |9 449414  |a BIBDER  |b BIBDER  |d 2019-11-22  |i 4872185  |o 342.83 CON 2012  |p 4872185  |r 2023-01-25  |w 2019-11-22  |y BK_R  |k DER